TEXT BOOK OF PLANT NEMATOLOGY (Record no. 8202)

MARC details
000 -LEADER
fixed length control field 00442nam a22001697a 4500
005 - DATE AND TIME OF LATEST TRANSACTION
control field 20230128120551.0
008 - FIXED-LENGTH DATA ELEMENTS--GENERAL INFORMATION
fixed length control field 230125b |||||||| |||| 00| 0 eng d
020 ## - INTERNATIONAL STANDARD BOOK NUMBER
ISBN 818725348-7
041 ## - LANGUAGE CODE
Language code of text/sound track or separate title eng
082 ## - DEWEY DECIMAL CLASSIFICATION NUMBER
Classification number 632 UPA-P
100 ## - MAIN ENTRY--AUTHOR NAME
Personal name UPADHYAY , K.D. AND DWIVEDI ,KUSUM
245 ## - TITLE STATEMENT
Title TEXT BOOK OF PLANT NEMATOLOGY
260 ## - PUBLICATION, DISTRIBUTION, ETC. (IMPRINT)
Place of publication MEERUT
Name of publisher AMAN PUBLICATION HOUSE
300 ## - PHYSICAL DESCRIPTION
Number of Pages 191;P.
650 ## - SUBJECT ADDED ENTRY--TOPICAL TERM
Topical Term AGRICULTURE
942 ## - ADDED ENTRY ELEMENTS (KOHA)
Koha item type Books
Holdings
Lost status Damaged status Collection code Home library Current library Shelving location Date acquired Source of acquisition Cost, normal purchase price Full call number Accession Number Koha item type
    Reference JRU Library JRU Library SHELF-14-D 20/01/2023 LOHIA BOOK INTERNATIONAL 350.00 632 UPA-P 27317 Books
    AGRICULTURE JRU Library JRU Library SHELF-44-A 20/01/2023 LOHIA BOOK INTERNATIONAL 350.00 632 UPA-P 27318 Books
    AGRICULTURE JRU Library JRU Library SHELF-44-A 20/01/2023 LOHIA BOOK INTERNATIONAL 350.00 632 UPA-P 27319 Books
    AGRICULTURE JRU Library JRU Library SHELF-44-A 20/01/2023 LOHIA BOOK INTERNATIONAL 350.00 632 UPA-P 27320 Books
    AGRICULTURE JRU Library JRU Library SHELF-44-A 20/01/2023 LOHIA BOOK INTERNATIONAL 350.00 632 UPA-P 27321 Books